| Tag |
First Indicator |
Second Indicator |
Subfields |
| LEADER |
00000pam a2200000 a 4500 |
| 001 |
in00000097717 |
| 005 |
20150924085428.0 |
| 008 |
820128s1982 meua b 00110 eng |
| 010 |
|
|
|a 81083863
|
| 020 |
|
|
|a 087742117X :
|c $35.00
|
| 035 |
|
|
|a (OCoLC)08176725
|
| 035 |
|
|
|9 AAK9342AM
|
| 039 |
0 |
|
|a 2
|b 3
|c 3
|d 3
|e 3
|
| 040 |
|
|
|a DLC
|c DLC
|d TXA
|d UtOrBLW
|
| 049 |
|
|
|a TXAM
|c [1673878]
|
| 050 |
0 |
0 |
|a VM343
|b M58 1982
|
| 082 |
0 |
|
|a 387.2/4
|2 19
|
| 100 |
1 |
|
|a Mitchell, Richard M.,
|d 1917-
|
| 245 |
1 |
4 |
|a The steam launch /
|c Richard M. Mitchell.
|
| 264 |
|
1 |
|a Camden, Me. :
|b International Marine Pub. Co.,
|c [1982]
|
| 264 |
|
4 |
|c ©1982
|
| 300 |
|
|
|a x, 339 pages :
|b illustrations ;
|c 29 cm.
|
| 336 |
|
|
|a text
|b txt
|2 rdacontent
|
| 337 |
|
|
|a unmediated
|b n
|2 rdamedia
|
| 338 |
|
|
|a volume
|b nc
|2 rdacarrier
|
| 500 |
|
|
|a Includes index.
|
| 504 |
|
|
|a Bibliography: pages 325-328.
|
| 650 |
|
0 |
|a Steamboats.
|
| 999 |
|
|
|a MARS
|
| 999 |
f |
f |
|s bd4cf1c9-6bfe-3963-9781-e3633cb110a0
|i e5560c2e-03ab-349c-af8b-be14a824ab5b
|t 0
|
| 952 |
f |
f |
|p ric
|a Texas A&M University
|b Rellis Campus
|c Joint Library Facility
|d Remote Storage
|t 0
|e VM343 M58 1982
|h Library of Congress classification
|i unmediated -- volume
|m A14806269594
|
| 998 |
f |
f |
|a VM343 M58 1982
|t 0
|l Remote Storage
|